Statistics for One Syllable Cities

Click here to take the quiz!

General Stats

  • This quiz has been taken 316 times
    (206 since last reset)
  • The average score is 7 of 13

Answer Stats

CountryCity% Correct
South KoreaSeoul
91%
ItalyRome
90%
BelarusMinsk
87%
AustraliaPerth
87%
CzechiaPrague
86%
MoroccoFes
72%
United KingdomLeeds
70%
RussiaOmsk
39%
FranceLille
37%
RussiaPerm
28%
IranQom
28%
TunisiaSousse
17%
NigeriaJos
8%

Score Distribution

Percentile by Number Answered

Percent of People with Each Score

Your Score History

You have not taken this quiz since the last reset